00522nam a2200121Ia 4500008004100000040004400041100002100085245008700106260003300193300001000226600015100236999001300387180412s9999||||xx |||||||||||||| ||und|| aAhmadu Bello University Library - Zaria aBALABUKHA, V. S. 0aChemical protection of the body against ionizing radiation.cV. S. Balabukha (Ed.) aOxfordbPergamon Pressc1963 a168p. aAtomic medicine;Medical aspects of high-energy radiations.;Methods of protection; dosage measurements.;Natural science;Radiology and Atomic Energy c214d214